[Event "TUR-chT Clubs"]
[Site "Konya"]
[Date "2019.07.21"]
[Round "9.5"]
[White "Gurses, Ayberk"]
[Black "Yildiz, Tunahan"]
[Result "1/2-1/2"]
[WhiteElo "1770"]
[BlackElo "1719"]
[PlyCount "95"]
[EventDate "2019.07.16"]
[EventType "team-swiss"]
[EventRounds "9"]
[EventCountry "TUR"]
[SourceTitle "CBM 191 Extra"]
[Source "ChessBase"]
[SourceDate "2019.09.30"]
[SourceVersion "1"]
[SourceVersionDate "2019.09.30"]
[SourceQuality "1"]
[WhiteTeam "Sungurlu Egitim Genclik"]
[BlackTeam "Artvin Il Ozel"]
[WhiteTeamCountry "TUR"]
[BlackTeamCountry "TUR"]

1. e4 c5 2. Nf3 d6 3. d4 cxd4 4. Nxd4 Nf6 5. Nc3 a6 6. Bc4 e6 7. Bb3 Be7 8. g4 h6 9. Qf3 Nc6 10. Nxc6 bxc6 11. e5 dxe5 12. Ba4 Bd7 13. Be3 e4 14. Qe2 Nd5 15. Qc4 Nxe3 16. fxe3 Bh4+ 17. Ke2 e5 18. Qxe4 0-0 19. Bxc6 Bxc6 20. Qxc6 Rb8 21. Rab1 Rb4 22. Rhg1 Qb8 23. Qxa6 e4 24. Rg2 Rxb2 25. Rxb2 Qxb2 26. Nxe4 Qxc2+ 27. Kf3 Qb1 28. Qc4 Kh8 29. g5 hxg5 30. Nxg5 Qf5+ 31. Qf4 Qd5+ 32. e4 Qd1+ 33. Ke3 Qc1+ 34. Kf3 Qd1+ 35. Ke3 Qe1+ 36. Kf3 Qf1+ 37. Ke3 Qe1+ 38. Kf3 f6 39. Ne6 Qf1+ 40. Ke3 Qxg2 41. Qxh4+ Kg8 42. Nxf8 Qg1+ 43. Qf2 Qg5+ 44. Kd3 Kxf8 45. Qf5 Qc1 46. Qf2 Qa3+ 47. Ke2 Qxa2+ 48. Kf3 1/2-1/2

[Event "TUR-chT Clubs"]
[Site "Konya"]
[Date "2019.07.19"]
[Round "6.7"]
[White "Unlu, Alp Bugra"]
[Black "Gurses, Ayberk"]
[Result "0-1"]
[WhiteElo "1832"]
[BlackElo "1770"]
[PlyCount "110"]
[EventDate "2019.07.16"]
[EventType "team-swiss"]
[EventRounds "9"]
[EventCountry "TUR"]
[SourceTitle "CBM 191 Extra"]
[Source "ChessBase"]
[SourceDate "2019.09.30"]
[SourceVersion "1"]
[SourceVersionDate "2019.09.30"]
[SourceQuality "1"]
[WhiteTeam "Manisa Yunusembre"]
[BlackTeam "Sungurlu Egitim Genclik"]
[WhiteTeamCountry "TUR"]
[BlackTeamCountry "TUR"]

1. e4 c5 2. Nf3 d6 3. d4 cxd4 4. Nxd4 Nf6 5. Nc3 a6 6. Bg5 Nbd7 7. Be2 e6 8. f4 Qb6 9. Qd2 Qxb2 10. Rb1 Qa3 11. 0-0 Be7 12. Bf3 Qc5 13. Kh1 Qc7 14. Rbe1 h6 15. Bh4 g5 16. fxg5 hxg5 17. Bxg5 Ne5 18. Bd1 Nfg4 19. Bxg4 Nxg4 20. Nf3 Nxh2 21. Nxh2 Bxg5 22. Qxg5 Qxc3 23. Qf4 Qg7 24. Qxd6 Rg8 25. Rf2 Qg3 26. Qxg3 Rxg3 27. Ref1 Rg7 28. Nf3 Ke7 29. Ne5 f5 30. exf5 exf5 31. Re1 Kf6 32. Rd2 Re7 33. Rde2 Be6 34. Nd3 Rae8 35. Nf4 Bxa2 36. Rxe7 Rxe7 37. Rd1 Rc7 38. Rd2 Bf7 39. Rf2 Rc5 40. g4 a5 41. Nd3 Rb5 42. Rf4 Kg5 43. gxf5 Rxf5 44. Rd4 b5 45. Kg2 a4 46. Rd7 Bd5+ 47. Kg1 Be4 48. Nb4 Rc5 49. Rd2 Rc4 50. Na2 Rxc2 51. Rxc2 Bxc2 52. Kf2 Bb3 53. Nc1 Bc4 54. Ke3 a3 55. Kd4 a2 0-1

[Event "TUR-chT2"]
[Site "Konya"]
[Date "2018.07.14"]
[Round "8.13"]
[White "Gurses, Ayberk"]
[Black "Akbas, Umut Ata"]
[Result "0-1"]
[WhiteElo "1555"]
[BlackElo "1469"]
[PlyCount "78"]
[EventDate "2018.07.10"]
[EventType "team-swiss"]
[EventRounds "9"]
[EventCountry "TUR"]
[SourceTitle "EXT 2019"]
[Source "ChessBase"]
[SourceDate "2018.10.10"]
[SourceVersion "1"]
[SourceVersionDate "2018.10.10"]
[SourceQuality "1"]
[WhiteTeam "Coru Sunguluru Egitim"]
[BlackTeam "Samsun Genclik"]
[WhiteTeamCountry "TUR"]
[BlackTeamCountry "TUR"]

1. e4 c5 2. Nf3 d6 3. d4 cxd4 4. Nxd4 Nf6 5. Nc3 a6 6. Be2 e5 7. Nb3 Be7 8. Be3 Be6 9. f4 exf4 10. Bxf4 Nc6 11. 0-0 0-0 12. Qd2 b5 13. Bf3 Rc8 14. Rad1 Ne5 15. Nd5 Bxd5 16. exd5 Nc4 17. Qc1 Qb6+ 18. Kh1 Nd7 19. Nd4 Bf6 20. c3 Nde5 21. Be4 b4 22. Bg5 Bxg5 23. Qxg5 Qd8 24. Qh5 g6 25. Qe2 bxc3 26. bxc3 Qg5 27. Rfe1 Ng4 28. Nc6 Nce3 29. Rd3 Qf4 30. g3 Nf2+ 31. Qxf2 Qxf2 32. Rdxe3 Rce8 33. R3e2 Qc5 34. Bf3 Rxe2 35. Rxe2 Qxc3 36. Kg2 Qc4 37. h4 h5 38. Kf2 a5 39. Kf1 Re8 0-1